| 000 | 01014cam a2200241 a 4500 | ||
|---|---|---|---|
| 001 | 000003822 | ||
| 003 | DO-SdBNP | ||
| 005 | 20220921100815.0 | ||
| 007 | ta | ||
| 008 | 760424s1949 nyu 000 1 engd | ||
| 040 |
_aDO-SdBNP _bspa _cBNPHU |
||
| 082 | 4 |
_a813.54 _bB786L _222 |
|
| 100 | 1 |
_aBowen, Elizabeth, _d1899-1973. _911579 |
|
| 245 | 1 | 0 |
_aLook at all those roses : _bshort stories / _cElizabeth Bowen. |
| 260 |
_aNew York : _bA. A. Knopf, _c1949. |
||
| 300 |
_a329 p. ; _c19 cm. |
||
| 505 | 0 | _aThe Tommy Crans -- The cat jumps -- Her table spread -- The needlecase -- The apple-tree -- The disinherited -- The last night in the old home -- Reduced -- Tears, idle tears -- A walk in the woods -- Look at all those roses -- The Easter egg party -- A queer heart -- No. 16 -- The girl with the stoop -- A love story -- Love -- Oh, madam... -- Summer night. | |
| 590 | _aInventariado, 2022 / DG | ||
| 650 | 4 |
_aCuentos ingleses _9497 |
|
| 650 | 4 |
_aLiteratura inglesa _9498 |
|
| 910 | _aDG | ||
| 942 |
_2ddc _cLBS1 |
||
| 999 |
_c3644 _d3644 |
||